Mots par leur écriture phonétique #2 - Statistiques

Statistiques générales
  • Ce quiz a été pris 40 fois
  • Le résultat moyen est 14 sur 20
Statistiques - réponses
API Mot % Correct
tundʁa Toundra
94%
pistaʃ Pistache
81%
valiz Valise
81%
kaʁamɛl Caramel
78%
səʁiz Cerise
78%
fənɛtʁ Fenêtre
78%
ɡitaʁ Guitare
78%
klavje Clavier
75%
kɔstym Costume
72%
etɔf Étoffe
69%
skyltyʁ Sculpture
69%
ʃimɛʁ Chimère
66%
nɥaʒ Nuage
66%
dyn Dune
63%
butɛj Bouteille
59%
bʁɑ̃ʃ Branche
59%
lutʁ Loutre
56%
mɔ̃taɲ Montagne
56%
fʁisɔ̃ Frisson
50%
bʁijɔʃ Brioche
44%
Aucun quiz correspondant
Distribution des résultats
% des personnes avec chaque résultat
Percentile par nombre de réponses
Votre historique - résultats
Vous n’avez pas pris ce quiz